Effect of urea utilization on celery cabbage; ឥទ្ធិពលនៃការប្រើប្រាស់ជីអ៊ុយរ់េលើដុះលូតលាស់និងទិន្នផលដំណាំស្ពៃចង្កឹះ (Record no. 10930)
[ view plain ]
| 000 -LEADER | |
|---|---|
| fixed length control field | 00657nam a22001577a 4500 |
| 003 - CONTROL NUMBER IDENTIFIER | |
| control field | OSt |
| 005 - DATE AND TIME OF LATEST TRANSACTION | |
| control field | 20161125143350.0 |
| 008 - FIXED-LENGTH DATA ELEMENTS--GENERAL INFORMATION | |
| fixed length control field | 161125b xxu||||| |||| 00| 0 eng d |
| 040 ## - CATALOGING SOURCE | |
| Transcribing agency | RUA |
| 082 ## - DEWEY DECIMAL CLASSIFICATION NUMBER | |
| Classification number | AGR KEY 2015 B538 Or. |
| 100 ## - MAIN ENTRY--PERSONAL NAME | |
| 9 (RLIN) | 11368 |
| Personal name | KRY SREYROTH; ឃី ស្រីរត្ន័ |
| 245 ## - TITLE STATEMENT | |
| Title | Effect of urea utilization on celery cabbage; ឥទ្ធិពលនៃការប្រើប្រាស់ជីអ៊ុយរ់េលើដុះលូតលាស់និងទិន្នផលដំណាំស្ពៃចង្កឹះ |
| 260 ## - PUBLICATION, DISTRIBUTION, ETC. (IMPRINT) | |
| Place of publication, distribution, etc. | Phnom Penh |
| Name of publisher, distributor, etc. | RUA |
| Date of publication, distribution, etc. | 2015 |
| 300 ## - PHYSICAL DESCRIPTION | |
| Extent | xi; 41p; |
| Other physical details | ill; |
| Dimensions | 29cm; |
| 942 ## - ADDED ENTRY ELEMENTS (KOHA) | |
| Source of classification or shelving scheme | |
| Koha item type | AGR |
| Price effective from | Date last seen | Permanent Location | Not for loan | Date acquired | Source of classification or shelving scheme | Koha item type | Lost status | Withdrawn status | Date last checked out | Total Checkouts | Shelving location | Damaged status | Barcode | Current Location | Full call number |
|---|---|---|---|---|---|---|---|---|---|---|---|---|---|---|---|
| 2016-11-25 | 2024-07-05 | Library Block B | 2016-11-25 | AGR | 2024-06-20 | 4 | B538 | A05153 | Library Block B | AGR KEY 2015 B538 Or.1 | |||||
| 2016-11-25 | 2016-11-25 | Library Block B | 2016-11-25 | AGR | B538 | A05225 | Library Block B | AGR KEY 2015 B538 Or.2 | |||||||
| 2016-11-25 | 2016-11-25 | Library Block B | 2016-11-25 | AGR | B538 | A05150 | Library Block B | AGR KEY 2015 B538 Or.3 | |||||||
| 2016-11-25 | 2016-11-25 | Library Block B | 2016-11-25 | AGR | B538 | A05075 | Library Block B | AGR KEY 2015 B538 Or.4 | |||||||
| 2016-11-25 | 2016-11-25 | Library Block B | 2016-11-25 | AGR | B538 | A05000 | Library Block B | AGR KEY 2015 B538 Or.5 | |||||||
| 2016-11-25 | 2018-03-06 | Library Block B | 2016-11-25 | AGR | 2018-02-12 | 1 | B538 | A04925 | Library Block B | AGR KEY 2015 B538 Or.6 | |||||
| 2016-11-25 | 2020-08-26 | Library Block B | 2016-11-25 | AGR | 2020-08-03 | 1 | B538 | A05295 | Library Block B | AGR KEY 2015 B538 Or7 | |||||
| 2016-11-25 | 2017-02-07 | Library Block B | 2016-11-25 | AGR | 2017-01-25 | 1 | B538 | A05228 | Library Block B | AGR KEY 2015 B538 Or.8 |